Science Quiz

Random Science or Letter Quiz

Elements by Letter-Number Combination Quiz Stats

 Plays Quiz Updated Jun 1, 2018

Challenge
Share
Tweet
Embed
Score 0/21 Timer 04:00
0 Plays Today
Letter-Number Combination Element % Correct
Z-4Zinc
84%
X-5Xenon
80.7%
U-7Uranium
75.5%
H-8Hydrogen
73.5%
K-7Krypton
62.1%
V-8Vanadium
60.1%
A-7Arsenic
56.4%
Y-9Ytterbium
54.7%
B-6Barium
52.1%
I-7Iridium
49.2%
R-13Rutherfordium
48.6%
Letter-Number Combination Element % Correct
L-9Lanthanum
38.5%
D-12Darmstadtium
36.6%
M-11Mendelevium
33.3%
G-10Gadolinium
32.6%
N-7Niobium
32%
E-8Europium
32%
F-7Fermium
28.4%
S-10Seaborgium
25.6%
T-9Tellurium
24.8%
O-9Oganesson
24.7%

You're not logged in!

Compare scores with friends on all Sporcle quizzes.
Join for Free
OR
Log In

You Might Also Like...

Show Comments

Extras

Top Quizzes Today


Score Distribution

Your Account Isn't Verified!

In order to create a playlist on Sporcle, you need to verify the email address you used during registration. Go to your Sporcle Settings to finish the process.

Report this User

Report this user for behavior that violates our Community Guidelines.

Details: